[Event "GER-ch 94th"]
[Site "Ostfildern"]
[Date "2023.08.20"]
[Round "9"]
[White "Buescher, Andre"]
[Black "Eichstaedt, Mirko"]
[Result "0-1"]
[WhiteElo "2055"]
[BlackElo "2237"]
[PlyCount "118"]
[EventDate "2023.08.14"]
[EventType "swiss"]
[EventRounds "9"]
[EventCountry "GER"]
[SourceTitle "CBM 215 Extra"]
[Source "ChessBase"]
[SourceDate "2023.09.30"]
[SourceVersion "1"]
[SourceVersionDate "2023.09.30"]
[SourceQuality "1"]

1. e4 e5 2. Nf3 Nc6 3. Bb5 a6 4. Ba4 Nf6 5. 0-0 Be7 6. Re1 b5 7. Bb3 d6 8. c3 0-0 9. d3 Re8 10. Nbd2 Bf8 11. Nf1 h6 12. Ng3 g6 13. d4 exd4 14. cxd4 Na5 15. Bc2 c5 16. dxc5 dxc5 17. Qxd8 Rxd8 18. Bd2 Nc6 19. Rad1 Be6 20. a3 Nd7 21. Bf4 g5 22. Bc1 Bg4 23. Nf5 Bxf3 24. gxf3 Nde5 25. Kg2 Nd4 26. Nxd4 cxd4 27. f4 gxf4 28. Bxf4 Bg7 29. Bc1 d3 30. Bb1 Rac8 31. f4 Nc4 32. Bxd3 Nxb2 33. Bxb2 Bxb2 34. a4 bxa4 35. Bb1 a3 36. Kf3 Rc3+ 37. Kg4 Rb8 38. e5 Rcb3 39. e6 Bc3 40. e7 f5+ 41. Kh5 Bxe1 42. Rxe1 Kg7 43. Bxf5 a2 44. Ra1 Rb2 45. Bd7 Rxh2+ 46. Kg4 Kf7 47. Re1 Re2 48. e8Q+ Rbxe8 49. Bxe8+ Rxe8 50. Ra1 Re2 51. Kf5 Rb2 52. Ke5 a5 53. Kf5 a4 54. Ke5 h5 55. Kf5 Rg2 56. Ke4 h4 57. Kf3 h3 58. Rh1 Rb2 59. Ra1 h2 0-1

[Event "GER-ch 94th"]
[Site "Ostfildern"]
[Date "2023.08.15"]
[Round "2"]
[White "Dahl, Christoph"]
[Black "Buescher, Andre"]
[Result "1-0"]
[WhiteElo "2336"]
[BlackElo "2055"]
[PlyCount "69"]
[EventDate "2023.08.14"]
[EventType "swiss"]
[EventRounds "9"]
[EventCountry "GER"]
[SourceTitle "CBM 215 Extra"]
[Source "ChessBase"]
[SourceDate "2023.09.30"]
[SourceVersion "1"]
[SourceVersionDate "2023.09.30"]
[SourceQuality "1"]

1. e4 c6 2. Nc3 d5 3. Nf3 dxe4 4. Nxe4 Nf6 5. Qe2 Bf5 6. Nxf6+ gxf6 7. d4 Qd5 8. c4 Qe4 9. Be3 e5 10. a3 Nd7 11. Rc1 exd4 12. Nxd4 Bg6 13. Qf3 f5 14. Be2 Bg7 15. Rd1 0-0-0 16. 0-0 Ne5 17. Qg3 h5 18. Rfe1 Rhe8 19. f4 h4 20. Qh3 Ng4 21. Bxg4 Rxd4 22. Bxd4 Bxd4+ 23. Kf1 Qxf4+ 24. Qf3 Rxe1+ 25. Kxe1 Qe5+ 26. Kf1 Kc7 27. Bh5 c5 28. Bxg6 fxg6 29. Re1 Qf6 30. Qd5 h3 31. g3 f4 32. Re6 Qf8 33. g4 f3 34. b4 b6 35. Qc6+ 1-0

[Event "Oberliga Nord W 2122"]
[Site "Germany"]
[Date "2022.03.06"]
[Round "7.7"]
[White "Buescher, Andre"]
[Black "Othmer, Michael"]
[Result "1-0"]
[WhiteElo "2038"]
[BlackElo "1972"]
[PlyCount "117"]
[EventDate "2021.10.10"]
[EventType "team-tourn"]
[EventRounds "9"]
[EventCountry "GER"]
[SourceTitle "EXT 2023"]
[Source "ChessBase"]
[SourceDate "2022.10.05"]
[SourceVersion "1"]
[SourceVersionDate "2022.10.05"]
[SourceQuality "1"]
[WhiteTeam "Werder Bremen III"]
[BlackTeam "Salzgitter"]
[WhiteTeamCountry "GER"]
[BlackTeamCountry "GER"]

1. e4 d6 2. d4 Nf6 3. Nc3 g6 4. Be3 c6 5. Qd2 Nbd7 6. h3 b5 7. Bd3 Bb7 8. Nf3 Nb6 9. b3 a6 10. 0-0 Bg7 11. Bh6 0-0 12. Bxg7 Kxg7 13. e5 Nfd7 14. e6 Nf6 15. Ng5 c5 16. exf7 Qd7 17. Qe3 Nbd5 18. Nxd5 Bxd5 19. dxc5 dxc5 20. c4 Bxf7 21. Nxf7 Rxf7 22. Rfe1 b4 23. Rad1 Qc7 24. Be4 Re8 25. Bd5 e6 26. Bf3 Rd7 27. Rxd7+ Nxd7 28. h4 Nf6 29. h5 Rd8 30. h6+ Kf8 31. Qxe6 Qd6 32. Bd5 Qxe6 33. Rxe6 Nxd5 34. cxd5 Rxd5 35. Rxa6 Rd1+ 36. Kh2 Rd2 37. Kg3 Rc2 38. Ra7 Kg8 39. Rg7+ Kh8 40. Ra7 Kg8 41. f4 c4 42. bxc4 Rxc4 43. Kf3 b3 44. axb3 Rc3+ 45. Ke4 Rxb3 46. Rd7 Rb8 47. g3 Rf8 48. Rg7+ Kh8 49. Re7 Kg8 50. Ke5 Kh8 51. Ke6 Kg8 52. Kd7 Rf5 53. Rg7+ Kh8 54. Re7 Kg8 55. Ke6 Rf8 56. Rg7+ Kh8 57. Rf7 Rg8 58. Re7 Rf8 59. Kd7 1-0

[Event "GER CupT 1920 prel4"]
[Site "Hamburg"]
[Date "2020.01.11"]
[Round "1.4"]
[White "Zart, Ruediger"]
[Black "Buescher, Andre"]
[Result "1/2-1/2"]
[WhiteElo "2103"]
[BlackElo "2024"]
[PlyCount "112"]
[EventDate "2020.01.11"]
[EventType "team-k.o."]
[EventRounds "2"]
[EventCountry "GER"]
[SourceTitle "EXT 2021"]
[Source "ChessBase"]
[SourceDate "2020.10.23"]
[SourceVersion "1"]
[SourceVersionDate "2020.10.23"]
[SourceQuality "1"]
[WhiteTeam "Werder Bremen"]
[BlackTeam "Johanneum Eppendorf"]
[WhiteTeamCountry "GER"]
[BlackTeamCountry "GER"]

1. e4 e6 2. d4 d5 3. Nd2 h6 4. Ngf3 Nf6 5. e5 Nfd7 6. Bd3 c5 7. c3 Nc6 8. 0-0 g5 9. dxc5 g4 10. Ne1 Ndxe5 11. b4 Bg7 12. Rb1 Bd7 13. Bc2 f5 14. f4 Nf7 15. Bb2 0-0 16. Nd3 a6 17. Kh1 Qc7 18. c4 Nd4 19. cxd5 exd5 20. Nb3 Nxc2 21. Qxc2 Rfe8 22. Bxg7 Kxg7 23. Qc3+ Kg6 24. Rbe1 Re4 25. Nd2 Bb5 26. Nxe4 dxe4 27. Nb2 Bxf1 28. Rxf1 Rd8 29. g3 Qc6 30. Kg1 Qf6 31. Qxf6+ Kxf6 32. Rd1 Ke6 33. Kf2 Rd5 34. Ke2 Nd8 35. Nc4 Rxd1 36. Kxd1 Nc6 37. a3 Nd4 38. Na5 Nf3 39. Nxb7 Nxh2 40. Ke2 h5 41. Nd6 Nf3 42. Nc4 h4 43. gxh4 Nxh4 44. Kf2 Nf3 45. Ne3 Nd4 46. a4 Nc6 47. b5 axb5 48. axb5 Nd4 49. b6 Kd7 50. b7 Kc7 51. c6 Nxc6 52. Nxf5 Kxb7 53. Nd6+ Kc7 54. Nxe4 Nd4 55. Kg3 Ne2+ 56. Kxg4 Nxf4 1/2-1/2

[Event "Bremen-ch"]
[Site "Bremen"]
[Date "2019.04.19"]
[Round "8.4"]
[White "Buescher, Andre"]
[Black "Krueger, Joern"]
[Result "1/2-1/2"]
[WhiteElo "1993"]
[BlackElo "1928"]
[PlyCount "61"]
[EventDate "2019.04.13"]
[EventType "swiss"]
[EventRounds "9"]
[EventCountry "GER"]
[SourceTitle "EXT 2020"]
[Source "ChessBase"]
[SourceDate "2019.10.17"]
[SourceVersion "1"]
[SourceVersionDate "2019.10.17"]
[SourceQuality "1"]

1. e4 c5 2. Nf3 d6 3. c3 Nf6 4. Be2 Nc6 5. d3 e5 6. 0-0 Be7 7. Nbd2 Rb8 8. a4 a6 9. Re1 0-0 10. Nf1 d5 11. exd5 Nxd5 12. Ng3 Kh8 13. Bf1 f6 14. d4 cxd4 15. cxd4 Bb4 16. Re4 f5 17. Rh4 Be7 18. Rh5 f4 19. Bd3 h6 20. Nxe5 Nxe5 21. Rxe5 fxg3 22. Bxh6 gxf2+ 23. Kh1 gxh6 24. Qh5 Bg5 25. Qg6 Nf6 26. Rxg5 hxg5 27. Qh6+ Kg8 28. Qg6+ Kh8 29. Qh6+ Kg8 30. Qg6+ Kh8 31. Qh6+ 1/2-1/2

[Event "Bremen-ch"]
[Site "Bremen"]
[Date "2019.04.18"]
[Round "7.4"]
[White "Buescher, Andre"]
[Black "Pienski, Olaf"]
[Result "1/2-1/2"]
[WhiteElo "1993"]
[BlackElo "2025"]
[PlyCount "97"]
[EventDate "2019.04.13"]
[EventType "swiss"]
[EventRounds "9"]
[EventCountry "GER"]
[SourceTitle "EXT 2020"]
[Source "ChessBase"]
[SourceDate "2019.10.17"]
[SourceVersion "1"]
[SourceVersionDate "2019.10.17"]
[SourceQuality "1"]

1. d4 g6 2. e4 d6 3. Nc3 c6 4. Be3 Nf6 5. h3 Nbd7 6. Qd2 b5 7. Bd3 a6 8. a4 Bb7 9. Nf3 e5 10. 0-0 Bg7 11. Bh6 0-0 12. Bxg7 Kxg7 13. Rfe1 Qc7 14. dxe5 dxe5 15. Qe3 Rfe8 16. Rad1 Nf8 17. Ne2 Ne6 18. Ng5 Nxg5 19. Qxg5 h6 20. Qe3 Rad8 21. c3 Bc8 22. Nc1 Be6 23. axb5 axb5 24. Bf1 Nd7 25. Nd3 c5 26. g3 Bc4 27. Rd2 Nb6 28. f4 Bxd3 29. Bxd3 c4 30. Bf1 Rxd2 31. Qxd2 Rd8 32. Qe3 Na4 33. Re2 Rd3 34. Qf2 Nc5 35. Re3 Rd1 36. Kh2 Qd6 37. Qf3 Rd2+ 38. Re2 Na4 39. fxe5 Rxe2+ 40. Qxe2 Qxe5 41. Qc2 Nc5 42. Bg2 h5 43. h4 Qd6 44. Qe2 Qd3 45. Qf2 Nxe4 46. Bxe4 Qxe4 47. Qc5 Qe2+ 48. Kh3 Qf1+ 49. Kh2 1/2-1/2

[Event "Bremen-ch"]
[Site "Bremen"]
[Date "2019.04.15"]
[Round "4.4"]
[White "Hundack, Rolf"]
[Black "Buescher, Andre"]
[Result "1-0"]
[WhiteElo "2103"]
[BlackElo "1993"]
[PlyCount "101"]
[EventDate "2019.04.13"]
[EventType "swiss"]
[EventRounds "9"]
[EventCountry "GER"]
[SourceTitle "EXT 2020"]
[Source "ChessBase"]
[SourceDate "2019.10.17"]
[SourceVersion "1"]
[SourceVersionDate "2019.10.17"]
[SourceQuality "1"]

1. b3 e5 2. Bb2 Nc6 3. e4 Nf6 4. Nc3 Bc5 5. Be2 0-0 6. Nf3 Re8 7. 0-0 Nd4 8. d3 c6 9. Nxd4 Bxd4 10. Rb1 d5 11. Bf3 Be6 12. Ne2 Bxb2 13. Rxb2 dxe4 14. dxe4 Qa5 15. c3 Rad8 16. Rd2 g6 17. h3 Kg7 18. Nc1 c5 19. Qc2 Rxd2 20. Qxd2 Rd8 21. Qc2 c4 22. b4 Qa3 23. Kh2 Rd6 24. Rd1 Rxd1 25. Bxd1 a5 26. bxa5 Qxa5 27. Bf3 Qc5 28. Kg1 Bd7 29. Ne2 Bc6 30. Ng3 Qd6 31. Qc1 h6 32. h4 Qd3 33. Be2 Qd7 34. Qe3 Qe6 35. h5 Nd7 36. hxg6 fxg6 37. Nf1 Qd6 38. Bxc4 Nf6 39. f3 Nh5 40. Be2 Nf4 41. g3 Nxe2+ 42. Qxe2 Qc5+ 43. Qe3 Qc4 44. Qd2 h5 45. Ne3 Qc5 46. Kg2 Qe7 47. c4 Kh7 48. Nd5 Qd8 49. Qb4 Bxd5 50. Qd2 Qe7 51. exd5 1-0

[Event "Bremen Silvester op"]
[Site "Bremen"]
[Date "2018.12.27"]
[Round "2"]
[White "Buescher, Andre"]
[Black "Hoeffer, David"]
[Result "0-1"]
[WhiteElo "2018"]
[BlackElo "2259"]
[PlyCount "98"]
[EventDate "2018.12.27"]
[EventType "swiss"]
[EventRounds "7"]
[EventCountry "GER"]
[SourceTitle "CBM 188 Extra"]
[Source "ChessBase"]
[SourceDate "2019.02.26"]
[SourceVersion "1"]
[SourceVersionDate "2019.02.26"]
[SourceQuality "1"]

1. e4 e5 2. Nf3 d6 3. d4 exd4 4. Nxd4 Nf6 5. Nc3 Be7 6. Bf4 0-0 7. Qd2 c6 8. 0-0-0 b5 9. f3 b4 10. Nce2 c5 11. Nf5 Bxf5 12. exf5 d5 13. Kb1 d4 14. Nc1 Nbd7 15. g4 Nd5 16. h4 N7b6 17. g5 Nxf4 18. Qxf4 Nd5 19. Qe4 Re8 20. Bb5 Qd6 21. Bxe8 Rxe8 22. Rhe1 Rd8 23. g6 hxg6 24. fxg6 Qxg6 25. Qxg6 fxg6 26. Re6 Kf7 27. Rc6 Ne3 28. Rg1 c4 29. Rc7 d3 30. cxd3 cxd3 31. Nb3 d2 32. Nxd2 Rxd2 33. Re1 Rd3 34. Rxa7 Kf6 35. a4 b3 36. a5 Bb4 37. Rc1 Rd6 38. a6 Bd2 39. Rc5 Nc2 40. Rcc7 g5 41. h5 g4 42. Rf7+ Kg5 43. Rxg7+ Kh4 44. Rxg4+ Kh3 45. Rg6 Rd5 46. Rb7 Bb4 47. Kc1 Ne3 48. Rg1 Kh2 49. Rxb4 Kxg1 0-1

[Event "Oberliga Nord W 1617"]
[Site "Germany"]
[Date "2017.02.19"]
[Round "6.6"]
[White "Buescher, Andre"]
[Black "Schuette, Marc"]
[Result "0-1"]
[WhiteElo "2048"]
[BlackElo "2126"]
[PlyCount "90"]
[EventDate "2016.10.16"]
[EventType "team-tourn"]
[EventRounds "9"]
[EventCountry "GER"]
[SourceTitle "EXT 2018"]
[Source "ChessBase"]
[SourceDate "2017.10.13"]
[SourceVersion "1"]
[SourceVersionDate "2017.10.13"]
[SourceQuality "1"]
[WhiteTeam "Werder Bremen"]
[BlackTeam "Oldenburg Union"]
[WhiteTeamCountry "GER"]
[BlackTeamCountry "GER"]

1. d4 d5 2. Nf3 c6 3. c4 Nf6 4. e3 e6 5. Nc3 Nbd7 6. Bd3 dxc4 7. Bxc4 b5 8. Bd3 Bb7 9. 0-0 a6 10. a4 b4 11. Ne2 c5 12. Ng3 Bd6 13. Qe2 0-0 14. Rd1 Qc7 15. Bd2 Rfc8 16. Rdc1 Qa5 17. e4 cxd4 18. Nxd4 Rxc1+ 19. Bxc1 e5 20. Ngf5 Bf8 21. Nb3 Qd8 22. Bg5 h6 23. Bh4 a5 24. f3 g6 25. Ne3 Qb6 26. Kh1 Nh5 27. Nc4 Qc7 28. Qc2 Nc5 29. Bf1 Nxb3 30. Qxb3 Bc5 31. Qc2 Nf4 32. Ne3 Rc8 33. Rc1 Qd6 34. Ng4 g5 35. Bf2 Bxf2 36. Qxc8+ Bxc8 37. Rxc8+ Kg7 38. Nxf2 Qd2 39. Kg1 Qxb2 40. g3 Ne2+ 41. Kg2 b3 42. Rb8 Nd4 43. Rb7 Qc3 44. Nd3 Qc2+ 45. Nf2 Qc6 0-1

[Event "Oberliga Nord W 1617"]
[Site "Germany"]
[Date "2016.10.16"]
[Round "1.6"]
[White "Buescher, Andre"]
[Black "Steingraeber, Kai Uwe"]
[Result "1/2-1/2"]
[WhiteElo "2048"]
[BlackElo "2131"]
[PlyCount "84"]
[EventDate "2016.10.16"]
[EventType "team-tourn"]
[EventRounds "9"]
[EventCountry "GER"]
[SourceTitle "EXT 2018"]
[Source "ChessBase"]
[SourceDate "2017.10.13"]
[SourceVersion "1"]
[SourceVersionDate "2017.10.13"]
[SourceQuality "1"]
[WhiteTeam "Werder Bremen"]
[BlackTeam "Delmenhorst"]
[WhiteTeamCountry "GER"]
[BlackTeamCountry "GER"]

1. d4 d5 2. c4 c6 3. Nf3 Nf6 4. e3 Bf5 5. Nc3 e6 6. Nh4 Bg4 7. Qb3 Qc7 8. h3 Bh5 9. Bd2 g5 10. Nf3 h6 11. Bd3 Nbd7 12. 0-0-0 0-0-0 13. Kb1 Kb8 14. Rc1 Qb6 15. Qxb6 Nxb6 16. cxd5 exd5 17. Ne5 Nfd7 18. Nxd7+ Rxd7 19. b3 Ba3 20. Rc2 Rf8 21. h4 g4 22. Ne2 Bg6 23. Nf4 Be4 24. Ba5 Nc8 25. Bxe4 dxe4 26. g3 Bd6 27. Ne2 Ne7 28. Bc3 Nd5 29. Kb2 Re8 30. Rhc1 Re6 31. a3 b6 32. Be1 Kb7 33. Nc3 Nc7 34. Ka1 Bf8 35. Kb2 c5 36. dxc5 Bxc5 37. Ne2 Bd6 38. Ka2 Be5 39. Rc4 f5 40. R1c2 Nd5 41. Nc3 Bxc3 42. Bxc3 Nxc3+ 1/2-1/2

[Event "Bremen-ch op"]
[Site "Bremen"]
[Date "2016.03.23"]
[Round "6"]
[White "Kastens, Elmar"]
[Black "Buescher, Andre"]
[Result "1/2-1/2"]
[WhiteElo "1905"]
[BlackElo "2059"]
[PlyCount "43"]
[EventDate "2016.03.19"]
[EventType "swiss"]
[EventRounds "9"]
[EventCountry "GER"]
[SourceTitle "EXT 2018"]
[Source "ChessBase"]
[SourceDate "2017.10.13"]
[SourceVersion "1"]
[SourceVersionDate "2017.10.13"]
[SourceQuality "1"]

1. e4 e6 2. d4 d5 3. exd5 exd5 4. Bd3 Bd6 5. Qf3 c6 6. a3 h6 7. Ne2 Nf6 8. h3 Nbd7 9. 0-0 0-0 10. Bf4 Ne4 11. Bxd6 Nxd6 12. Nd2 Nf6 13. Ng3 Be6 14. Rfe1 Re8 15. Re2 b5 16. Rae1 Qb6 17. Nh5 Nxh5 18. Qxh5 Bd7 19. Rxe8+ Rxe8 20. Rxe8+ Bxe8 21. Qe5 Qd8 22. f4 1/2-1/2

[Event "Bremen-ch op"]
[Site "Bremen"]
[Date "2016.03.20"]
[Round "2"]
[White "Bergmann, Reinhold"]
[Black "Buescher, Andre"]
[Result "0-1"]
[WhiteElo "1860"]
[BlackElo "2059"]
[PlyCount "88"]
[EventDate "2016.03.19"]
[EventType "swiss"]
[EventRounds "9"]
[EventCountry "GER"]
[SourceTitle "EXT 2018"]
[Source "ChessBase"]
[SourceDate "2017.10.13"]
[SourceVersion "1"]
[SourceVersionDate "2017.10.13"]
[SourceQuality "1"]

1. e4 e6 2. d4 d5 3. Nd2 Be7 4. Bd3 c5 5. dxc5 Nf6 6. exd5 Qxd5 7. Ngf3 Qxc5 8. 0-0 0-0 9. Qe2 Nbd7 10. Nb3 Qc7 11. Re1 b6 12. Bg5 Bb7 13. Bh4 Nc5 14. Bg3 Bd6 15. Nxc5 Qxc5 16. Bxd6 Qxd6 17. Rad1 Qc7 18. Ne5 Rad8 19. c3 g6 20. Bc2 Nh5 21. Nd3 Bxg2 22. f3 Bh3 23. Qf2 Bf5 24. Re3 Rd7 25. Qh4 Rfd8 26. Qe1 Qc4 27. Ne5 Rxd1 28. Bxd1 Qxa2 29. Nc6 Rd7 30. Nd4 Qb1 31. Ba4 Qxe1+ 32. Rxe1 Rd6 33. Kf2 Nf4 34. Bb5 Bd3 35. Kg3 g5 36. Bxd3 Nxd3 37. Re2 Nf4 38. Rc2 Kg7 39. Nb5 Rd1 40. Kf2 a6 41. Nc7 a5 42. b4 axb4 43. cxb4 Rb1 44. b5 Nd5 0-1

[Event "Bremen-ch op"]
[Site "Bremen"]
[Date "2016.03.19"]
[Round "1"]
[White "Buescher, Andre"]
[Black "Ungar, Benedict"]
[Result "1-0"]
[WhiteElo "2059"]
[BlackElo "1678"]
[PlyCount "37"]
[EventDate "2016.03.19"]
[EventType "swiss"]
[EventRounds "9"]
[EventCountry "GER"]
[SourceTitle "EXT 2018"]
[Source "ChessBase"]
[SourceDate "2017.10.13"]
[SourceVersion "1"]
[SourceVersionDate "2017.10.13"]
[SourceQuality "1"]

1. d4 Nc6 2. c4 e5 3. Nf3 exd4 4. Nxd4 Bc5 5. Nb3 Be7 6. Nc3 Nf6 7. e4 d6 8. Be2 0-0 9. 0-0 Ne5 10. Nd4 c6 11. f4 Nfd7 12. fxe5 dxe5 13. Nf5 Bc5+ 14. Kh1 a6 15. Qd3 Nf6 16. Qg3 Bxf5 17. Rxf5 Qd4 18. Bh6 Ne8 19. Rd1 1-0

[Event "Bremen-ch op"]
[Site "Bremen"]
[Date "2014.04.15"]
[Round "3"]
[White "Buescher, Andre"]
[Black "Doescher, Arne"]
[Result "0-1"]
[WhiteElo "2093"]
[BlackElo "2251"]
[PlyCount "76"]
[EventDate "2014.04.14"]
[EventType "swiss"]
[EventRounds "9"]
[EventCountry "GER"]
[SourceTitle "EXT 2018"]
[Source "ChessBase"]
[SourceDate "2017.10.13"]
[SourceVersion "1"]
[SourceVersionDate "2017.10.13"]
[SourceQuality "1"]

1. e4 c5 2. Nf3 e6 3. g3 Nc6 4. Bg2 Nf6 5. Nc3 a6 6. a4 Qc7 7. 0-0 Be7 8. h3 0-0 9. d4 cxd4 10. Nxd4 d6 11. Nxc6 bxc6 12. a5 Bb7 13. Be3 c5 14. g4 Bc6 15. g5 Nd7 16. f4 Qb7 17. Ra2 Rfe8 18. Qf3 Rad8 19. Rd1 Bf8 20. Qg3 c4 21. Bd4 Nc5 22. Qe3 e5 23. fxe5 Ne6 24. Bb6 dxe5 25. Nd5 Rd7 26. Raa1 Nf4 27. Nxf4 exf4 28. Qxf4 Rde7 29. Rd4 Bxe4 30. Bxe4 Rxe4 31. Rxe4 Rxe4 32. Qd2 Qe7 33. Qd8 Qe5 34. Bc7 Qc5+ 35. Kf1 Qe3 36. Bd6 Re8 37. Qc7 Qxh3+ 38. Kf2 Qf5+ 0-1

[Event "Bremen-ch op"]
[Site "Bremen"]
[Date "2014.04.14"]
[Round "1"]
[White "Heldt, Nils Lennart"]
[Black "Buescher, Andre"]
[Result "0-1"]
[WhiteElo "1520"]
[BlackElo "2093"]
[PlyCount "82"]
[EventDate "2014.04.14"]
[EventType "swiss"]
[EventRounds "9"]
[EventCountry "GER"]
[SourceTitle "EXT 2018"]
[Source "ChessBase"]
[SourceDate "2017.10.13"]
[SourceVersion "1"]
[SourceVersionDate "2017.10.13"]
[SourceQuality "1"]

1. e4 e6 2. d4 d5 3. Nc3 Nf6 4. e5 Nfd7 5. Nf3 c5 6. Ne2 cxd4 7. Nexd4 Nc6 8. Nxc6 bxc6 9. Bd3 Nc5 10. 0-0 Be7 11. Be3 Nxd3 12. Qxd3 Qa5 13. Qd2 Qxd2 14. Nxd2 f6 15. exf6 Bxf6 16. c3 Rb8 17. Nb3 Ba6 18. Rfd1 Bc4 19. Bxa7 Rb7 20. Bc5 Rb5 21. Ba3 Bxb3 22. axb3 Rxb3 23. Rd2 Kf7 24. Rd3 Ra8 25. Rf3 e5 26. Kf1 d4 27. cxd4 Rxf3 28. gxf3 exd4 29. Rd1 Ke6 30. Ke2 Kd5 31. Rc1 Ra5 32. Bf8 c5 33. b3 Be5 34. h3 g6 35. Rc2 Rb5 36. Rc1 Bf4 37. Rxc5+ Rxc5 38. Bxc5 Kxc5 39. Kd3 Kd5 40. b4 Bd6 41. b5 Bc7 0-1

[Event "Bremen-ch op"]
[Site "Bremen"]
[Date "2013.03.29"]
[Round "7"]
[White "Buescher, Andre"]
[Black "Hoeffer, David"]
[Result "1/2-1/2"]
[WhiteElo "2076"]
[BlackElo "2220"]
[PlyCount "106"]
[EventDate "2013.03.23"]
[EventType "swiss"]
[EventRounds "9"]
[EventCountry "GER"]
[SourceTitle "EXT 2022"]
[Source "ChessBase"]
[SourceDate "2021.10.06"]
[SourceVersion "1"]
[SourceVersionDate "2021.10.06"]
[SourceQuality "1"]

1. e4 c5 2. Nf3 e6 3. g3 Nc6 4. Bg2 g6 5. d4 Bg7 6. dxc5 Qa5+ 7. Nbd2 Qxc5 8. 0-0 Nf6 9. Nb3 Qe7 10. Re1 d6 11. Nbd4 Nxd4 12. Qxd4 0-0 13. e5 dxe5 14. Nxe5 Rd8 15. Qh4 Nd5 16. Qxe7 Nxe7 17. Bf4 f6 18. Nc4 e5 19. Na5 Rb8 20. Be3 b6 21. Nc6 Nxc6 22. Bxc6 Bf5 23. Ba4 Rd6 24. Bb3+ Kh8 25. c4 Rc8 26. c5 bxc5 27. Rac1 Rdc6 28. Bd5 R6c7 29. Rc3 Bf8 30. Ra3 Rd8 31. Bc4 Kg7 32. Rc1 Be4 33. Ra5 Rcd7 34. Kf1 g5 35. Be2 Kg6 36. a3 Rb8 37. Rb5 Rxb5 38. Bxb5 Rc7 39. Ke1 f5 40. b4 f4 41. Bxc5 Kf5 42. Kd2 Bxc5 43. Rxc5 Rxc5 44. Bd7+ Kf6 45. bxc5 Ke7 46. Bb5 Ke6 47. Bc4+ Bd5 48. Kc3 e4 49. Bb5 Ke5 50. c6 Kd6 51. Kd4 e3 52. fxe3 fxe3 53. c7 Bb7 1/2-1/2

[Event "Oberliga Nord W 0809"]
[Site "Germany"]
[Date "2009.03.15"]
[Round "8.5"]
[White "Schmidt, Christian"]
[Black "Buescher, Andre"]
[Result "1-0"]
[WhiteElo "2190"]
[BlackElo "2056"]
[PlyCount "159"]
[EventDate "2008.10.05"]
[EventType "team-tourn"]
[EventRounds "9"]
[EventCountry "GER"]
[SourceTitle "EXT 2010"]
[Source "ChessBase"]
[SourceDate "2010.11.25"]
[SourceVersion "1"]
[SourceVersionDate "2010.11.25"]
[SourceQuality "1"]
[WhiteTeam "Bremer SG"]
[BlackTeam "Bremen Nord"]
[WhiteTeamCountry "GER"]
[BlackTeamCountry "GER"]

1. d4 Nf6 2. Bg5 g6 3. Bxf6 exf6 4. g3 d5 5. Bg2 Bd6 6. e3 0-0 7. Ne2 c6 8. Nd2 Nd7 9. 0-0 f5 10. c4 dxc4 11. Nxc4 Nf6 12. Nxd6 Qxd6 13. Qc2 Be6 14. Rfc1 Rad8 15. Qc5 a6 16. Qxd6 Rxd6 17. b4 Bd5 18. a4 Bxg2 19. Kxg2 Nd5 20. Rab1 Re8 21. Rc5 g5 22. Kf3 Rh6 23. h4 gxh4 24. Rh1 b6 25. Rc4 b5 26. Rc5 bxa4 27. Rxh4 Rxh4 28. gxh4 Nxb4 29. Rxf5 Rb8 30. Ra5 Nd3 31. Nf4 Nb2 32. Rxa6 Rb3 33. Nh5 Kf8 34. Nf6 Kg7 35. Rxc6 Nd1 36. Nh5+ Kf8 37. Nf6 a3 38. Ra6 Ke7 39. Nd5+ Kd7 40. Ke2 Nb2 41. Nf6+ Ke7 42. Nxh7 Nd3 43. Ra7+ Kd6 44. Ng5 Nc1+ 45. Kd2 a2 46. Nxf7+ Ke6 47. Ng5+ Kf5 48. Kxc1 Rb1+ 49. Kd2 a1Q 50. Rxa1 Rxa1 51. Ke2 Kg4 52. Kd3 Kxh4 53. f4 Kh5 54. Ke4 Re1 55. Nf3 Re2 56. Ne5 Kh6 57. Kf5 Kg7 58. e4 Kf8 59. d5 Ke7 60. Ng6+ Kd6 61. Ne5 Ke7 62. Nc6+ Kd6 63. Nd4 Re1 64. Nb5+ Kc5 65. Nc7 Kd6 66. Ne8+ Ke7 67. Nf6 Ra1 68. e5 Ra5 69. d6+ Kf7 70. Ne4 Rb5 71. Ng5+ Ke8 72. Ke6 Rb6 73. f5 Kf8 74. f6 Rb7 75. Ne4 Ke8 76. f7+ Rxf7 77. d7+ Rxd7 78. Nf6+ Kd8 79. Nxd7 Ke8 80. Nf6+ 1-0

[Event "Oberliga Nord W 0809"]
[Site "Germany"]
[Date "2008.10.26"]
[Round "2.5"]
[White "Buescher, Andre"]
[Black "Elmali, Timur"]
[Result "1/2-1/2"]
[WhiteElo "2056"]
[BlackElo "2113"]
[PlyCount "42"]
[EventDate "2008.10.05"]
[EventType "team-tourn"]
[EventRounds "9"]
[EventCountry "GER"]
[SourceTitle "EXT 2010"]
[Source "ChessBase"]
[SourceDate "2010.11.25"]
[SourceVersion "1"]
[SourceVersionDate "2010.11.25"]
[SourceQuality "1"]
[WhiteTeam "Bremen Nord"]
[BlackTeam "Werder Bremen II"]
[WhiteTeamCountry "GER"]
[BlackTeamCountry "GER"]

1. e4 d6 2. g3 Nf6 3. Bg2 g6 4. Ne2 Bg7 5. 0-0 0-0 6. d4 e5 7. c4 exd4 8. Nxd4 Bg4 9. f3 Bd7 10. Nc3 Nc6 11. Be3 a6 12. Nxc6 Bxc6 13. a4 Nd7 14. Qc2 f5 15. exf5 Rxf5 16. f4 Rf8 17. Rad1 Nf6 18. Rfe1 Qd7 19. b3 Rae8 20. h3 Bxg2 21. Kxg2 Qc6+ 1/2-1/2

[Event "Oberliga Nord W 0809"]
[Site "Germany"]
[Date "2008.10.05"]
[Round "1.5"]
[White "Baisakow, Alexander"]
[Black "Buescher, Andre"]
[Result "1/2-1/2"]
[WhiteElo "2065"]
[BlackElo "2056"]
[PlyCount "43"]
[EventDate "2008.10.05"]
[EventType "team-tourn"]
[EventRounds "9"]
[EventCountry "GER"]
[SourceTitle "EXT 2010"]
[Source "ChessBase"]
[SourceDate "2010.11.25"]
[SourceVersion "1"]
[SourceVersionDate "2010.11.25"]
[SourceQuality "1"]
[WhiteTeam "Nordhorn Blanke"]
[BlackTeam "Bremen Nord"]
[WhiteTeamCountry "GER"]
[BlackTeamCountry "GER"]

1. e4 e6 2. Nf3 d5 3. e5 f6 4. d4 c5 5. c4 cxd4 6. Nxd4 Nc6 7. Nxc6 bxc6 8. Nc3 Qc7 9. exf6 Nxf6 10. Be2 Bd6 11. cxd5 exd5 12. h3 0-0 13. 0-0 Bf5 14. Bf3 Rfe8 15. Bg5 Be5 16. Rc1 Qd6 17. Qa4 Reb8 18. Rfd1 Rb4 19. Qa6 Rb6 20. Qa4 Rb4 21. Qa6 Rb6 22. Qa4 1/2-1/2